| 000 | 00836nam a2200265 i 4500 | ||
|---|---|---|---|
| 003 | EG-GICUC | ||
| 005 | 20260414114059.0 | ||
| 008 | 260414s1954 fr fr|||| 000 0 fre d | ||
| 040 |
_aEG-GiCUC _bfre _cEG-GiCUC _dEG-GiCUC _eRda |
||
| 082 | 0 | 4 |
_221 _a341.71 _bAB . A |
| 092 | 0 | 4 | _221 |
| 099 | _aLaw 11 341.71 AB . A 1954 | ||
| 100 | 1 |
_aAbellio, Raymond _eAuteur |
|
| 245 | 1 | 0 |
_aAssomption De L'europe / _cRaymond Abellio. |
| 264 | 1 |
_aParis : _bAU Portulan, Chez Flammarion, _c1954. |
|
| 300 |
_a268 page, _c 24 cm. |
||
| 336 |
_2rda contenu _a texte |
||
| 337 |
_2rda medias _aOrdinateur |
||
| 338 |
_2 transporteur rda _a Ressource en ligne |
||
| 546 | _aTexte en français | ||
| 650 | 1 | 4 | _aDroit international public |
| 856 | 4 | 0 | _uhttps://fll.law.cu.edu.eg/fulltext/bks/B11-08334.pdf |
| 905 | _a48 | ||
| 942 |
_2ddc _cBK _e21 _n0 |
||
| 999 |
_c70841 _d70841 |
||